| 000 | 01606cai a22002535a 4500 | ||
|---|---|---|---|
| 001 | L138403 | ||
| 008 | 070605s2007 xxk f 000 0 eng d | ||
| 035 | _a(Sirsi) u138403 | ||
| 041 | 0 | _aeng | |
| 050 | 0 | 4 | _a333.33 $2 18 |
| 110 | 2 |
_aRoyal Institution of Chartered Surveyors _bEconomics _95033 |
|
| 245 | 0 | 0 |
_aRICS UK economic brief _bJuly 2007 _h[electronic resource] |
| 260 |
_aLondon _bRICS _c2007 |
||
| 490 | 0 |
_aRICS UK Economic Brief _vJuly 2007 |
|
| 520 | _aReports that recently released data continues to signal a solid expansion in the pace of UK economic activity. Growth in the second quarter came in a little above that recorded in the first three months of the year at 0.8%. Most of the more timely surveys of the business community also paint a generally upbeat picture. The RICS Commercial Market Survey for Q2 shows that business demand for commercial property remained firm in the second quarter at close to a seven year high. The latest data provides convincing evidence that the construction sector remains in a buoyant state. RICS Housing Market Survey shows that house price growth eased in June to half the pace of the previous month. | ||
| 590 | _aKA | ||
| 650 | 2 | 4 | _aRICS UK ECONOMIC BRIEF |
| 651 | 4 |
_aUnited Kingdom _y |
|
| 690 | _aPROPERTY-COMMERCIAL PROPERTY-COMMERCIAL PROPERTY MARKET | ||
| 690 | _aPROPERTY-RESIDENTIAL PROPERTY-RESIDENTIAL PROPERTY MARKET | ||
| 690 | _aBUILT ENVIRONMENT-CONSTRUCTION MARKET | ||
| 856 | 4 | 0 |
_uhttps://www.rics.org/site/scripts/download_info.aspx?downloadID=728 _zView the economic brief free of charge at www.rics.org... |
| 942 | _n0 | ||
| 999 |
_c107155 _d107155 |
||